Statistics for Hard Australian Birds Multiple Choice

Click here to take the quiz!

General Stats

  • This quiz has been taken 6 times
  • The average score is 6 of 16

Answer Stats

QuestionAnswer% Correct
Short-tailed Shearwater
83%
Lesser Sand-Plover
83%
Mangrove Gerygone
67%
Intermediate Egret
50%
Yellow-spotted Honeyeater
50%
Square-tailed Kite
50%
Inland Thornbill
50%
Elegant Parrot
33%
Australian Masked-Owl
33%
Leaden Flycatcher
33%
White-fronted Tern
33%
Splendid Fairy-wren
17%
Arctic Jaeger
17%
Torresian Crow
17%
Sharp-tailed Sandpiper
17%
White-throated Nightjar
0%

Score Distribution

Percentile by Number Answered

Percent of People with Each Score

Your Score History

You have not taken this quiz